Amy loves the snow / (Record no. 9076)

MARC details
000 -LEADER
fixed length control field 01061pam a2200361 a 4500
001 - CONTROL NUMBER
control field 9076
003 - CONTROL NUMBER IDENTIFIER
control field FISKH
005 - DATE AND TIME OF LATEST TRANSACTION
control field 20251119081413.0
008 - FIXED-LENGTH DATA ELEMENTS--GENERAL INFORMATION
fixed length control field 870925s1989 nyua j 000 1 eng
010 ## - LIBRARY OF CONGRESS CONTROL NUMBER
LC control number 87045852
020 ## - INTERNATIONAL STANDARD BOOK NUMBER
International Standard Book Number 0060223618 :
Terms of availability $11.95
020 ## - INTERNATIONAL STANDARD BOOK NUMBER
International Standard Book Number 0060223952 (lib. bdg.) :
020 ## - INTERNATIONAL STANDARD BOOK NUMBER
International Standard Book Number 9780060223618
020 ## - INTERNATIONAL STANDARD BOOK NUMBER
International Standard Book Number 9780060223953
035 ## - SYSTEM CONTROL NUMBER
System control number 4788400
040 ## - CATALOGING SOURCE
Original cataloging agency DLC
Transcribing agency DLC
Modifying agency DLC
Language of cataloging eng
050 00 - LIBRARY OF CONGRESS CALL NUMBER
Classification number PZ7.H63487
Item number Ai 1989
082 ## - DEWEY DECIMAL CLASSIFICATION NUMBER
Classification number 570
100 1# - MAIN ENTRY--PERSONAL NAME
Personal name Hoban, Julia.
245 10 - TITLE STATEMENT
Title Amy loves the snow /
Statement of responsibility, etc. by Julia Hoban ; pictures by Lillian Hoban.
260 ## - PUBLICATION, DISTRIBUTION, ETC.
Place of publication, distribution, etc. New York :
Name of publisher, distributor, etc. Scholastic,
Date of publication, distribution, etc. 1989.
300 ## - PHYSICAL DESCRIPTION
Extent 24 unnumbered pages :
Other physical details color illustrations ;
Dimensions 16 cm
505 ## - FORMATTED CONTENTS NOTE
Formatted contents note G<br/>
520 ## - SUMMARY, ETC.
Summary, etc. Amy builds a snowman with her parents.
521 8# - TARGET AUDIENCE NOTE
Target audience note 390<br/>
Source Lexile <br/>
521 8# - TARGET AUDIENCE NOTE
Target audience note G<br/>
Source Raz-Plus<br/>
650 #1 - SUBJECT ADDED ENTRY--TOPICAL TERM
Topical term or geographic name entry element Snow
General subdivision Fiction.
650 #1 - SUBJECT ADDED ENTRY--TOPICAL TERM
Topical term or geographic name entry element Snowmen
General subdivision Fiction.
650 #1 - SUBJECT ADDED ENTRY--TOPICAL TERM
Topical term or geographic name entry element Parent and child
General subdivision Fiction.
700 1# - ADDED ENTRY--PERSONAL NAME
Personal name Hoban, Lillian,
Relator term illustrator
906 ## - LOCAL DATA ELEMENT F, LDF (RLIN)
a 7
b cbc
c orignew
d 1
e ocip
f 19
g y-gencatlg
942 ## - ADDED ENTRY ELEMENTS (KOHA)
Source of classification or shelving scheme Dewey Decimal Classification
Koha item type Books
Suppress in OPAC No
Holdings
Withdrawn status Lost status Source of classification or shelving scheme Damaged status Not for loan Collection Home library Current library Shelving location Date acquired Total Checkouts Full call number Barcode Date last seen Copy number Price effective from Koha item type
    Dewey Decimal Classification     Juvenile Fiction Footprints International School Library Network Toul Tom Poung Campus Footprints International School Library Network Toul Tom Poung Campus TTP Primary Dark Blue Bookshelves 11/19/2025   HOB 570 PZ7.H63487 A FISTK03629 11/19/2025 1 11/19/2025 Books
    Dewey Decimal Classification     Juvenile Fiction Footprints International School Library Network Toul Tom Poung Campus Footprints International School Library Network Toul Tom Poung Campus TTP Primary Dark Blue Bookshelves 01/30/2026   HOB 570 PZ7.H63487 A FIS01887 01/30/2026 2 01/30/2026 Books